| 000 | nkm a22 a 4500 | ||
|---|---|---|---|
| 999 |
_c346174 _d346174 |
||
| 003 | BLK | ||
| 005 | 20191024162615.0 | ||
| 008 | 191024b bu ||||| |||| 00| 0 bu d | ||
| 040 | _aBLK | ||
| 041 |
_aBUL _cBUL |
||
| 080 |
_aФотография на човек, тяло, лице, портрет. Битов жанр _b77.041 |
||
| 245 | _aМихаил Арнаудов в Русе 1975 | ||
| 300 | _c24 Х 18 см | ||
| 380 | _a7 | ||
| 490 |
_9396381 _aЧастна колекция - Академик Михаил Арнаудов _gДарение - Основен фонд |
||
| 505 | _gМихаил Арнаудов между Цвятко Цветков (в ляво) и Живко Михайлов (в дясно) - външна снимка. Датирана от М. Арнаудов - 30. ІХ. 75 | ||
| 852 | _aМА 5057 | ||
| 942 |
_2udc _cPHO _n0 _s1 |
||